| 000 | 00569nam a2200157 4500 | ||
|---|---|---|---|
| 999 |
_c12559 _d12559 |
||
| 008 | 240220b ||||| |||| 00| 0 eng d | ||
| 040 | _aBMS College of Architecture | ||
| 100 | _aDavid Shebuel Stephen | ||
| 245 | _aGreen Canvas An Institution of Urban Agriculture for Research and Innovation, Hyderabad, Telangana | ||
| 300 | _a65 | ||
| 500 | _a1CF19AT023 | ||
| 502 |
_8B,Arch _NBMS College of Architecture, Visvesvaraya Technological University (VTU) _aProject report _d2023 |
||
| 700 |
_aKetki Tendolkar _eGuide |
||
| 710 |
_aRamaraju G, _aGuide |
||
| 942 |
_2ddc _cTHE |
||